000 01116nam a22003497a 4500
001 BR2010000974
003 BR-BrBNA
005 20230928103207.0
007 ta
008 230509b bl.||||| |||| 00| 0 por d
040 _aBR-BrBNA
_bpor
_cBiblioteca Nacional de Agricultura
041 _a(Por)
072 _aL01; Q04
_b5214
090 _ 5214 BR2010000974
100 1 _aMeokarem, M.M.
110 1 _aUniversidade Federal de Minas Gerais, Belo Horizonte (Brasil). Escola de Veterinária
_0Tese (Mestre em Zootecnia)
245 1 _aSilagem de sorgo com inoculantes biológicos: produção, composição do leite e consumo de matéria seca de vacas leiteiras
260 3 _aBelo Horizonte, MG (Brasil):
_c2009.
300 _a32 p.
500 _aSummaries (Eng, Por); 44 ref.; 7 tables
650 _aVACA LEITEIRA
650 _aSORGO
650 _aSILAGEM
650 _aRAÇÃO
650 _aDIETA
650 _aNUTRIÇÃO ANIMAL
650 _aSUPLEMENTO ALIMENTAR
650 _aPRODUÇÃO LEITEIRA
650 _aCOMPOSIÇÃO DE ALIMENTO
909 _a202309
_bLucia
_c55
_dLucia Elande
942 _cBK
999 _c74082
_d74082